[Event "11th Marienbad IMB2"]
[Site "Marianske Lazne CZE"]
[Date "2012.01.28"]
[Round "9"]
[White "Jurek,J"]
[Black "Iwanow,A"]
[Result "1/2-1/2"]
[WhiteElo "2350"]
[BlackElo "2180"]

1.Nf3 Nf6 2.c4 g6 3.d4 Bg7 4.g3 O-O 5.Bg2 d6 6.Nc3 Nc6 7.O-O Bg4 8.d5 Na5
9.Nd2 c5 10.h3 Bd7 11.Qc2 a6 12.b3 Rb8 13.Bb2 b5 14.Rab1 Qc7 15.e4 Rb7 16.Ne2 Rfb8
17.Bc3 bxc4 18.bxc4 Ne8 19.Rxb7 Rxb7 20.Bxg7 Nxg7 21.Qc3 Rb4 22.Nf4 Rb8 23.Nd3 e5
24.f4 f6 25.g4 Re8 26.f5 g5 27.Rb1 Ra8 28.Qb2 Ne8 29.Bf3 Ra7 30.Qa3 Nb7 31.Bd1 Kf8
32.Kf2 Ke7 33.Bc2 h6 34.h4 Nd8 35.hxg5 fxg5 36.Kf3 Nf6 37.Nf1 Be8 38.Ng3 Kf8
39.Qc3 Qg7 40.Qa5 Ra8 41.Ba4 Nb7 42.Qb6 Bxa4 43.Qxb7 Qxb7 44.Rxb7 Bd1+ 45.Ke3 Nxg4+
46.Kd2 Ba4 47.Nh5 Be8 48.Ng7 Nf6 49.Ne6+ Kg8 50.Nf2  1/2-1/2

[Event "Moscow Open 2012 A"]
[Site "Moscow RUS"]
[Date "2012.01.28"]
[Round "1.86"]
[White "Cori T.,D"]
[Black "Subbotin,An"]
[Result "1-0"]
[WhiteElo "2415"]
[BlackElo "2044"]

1.d4 Nf6 2.Nf3 g6 3.c4 Bg7 4.g3 O-O 5.Bg2 d6 6.O-O Nc6 7.Nc3 e5 8.dxe5 Nxe5
9.Qb3 Nfd7 10.Nxe5 dxe5 11.Rd1 c6 12.Ne4 Qe7 13.Bg5 f6 14.Be3 h6 15.Nd6 Nb8
16.Bc5 Na6 17.Ba3 Qc7 18.Nb5 Qf7 19.Bxf8 Bxf8 20.Nd6 Bxd6 21.Rxd6 Be6 22.Rxe6 Nc5
23.Rxf6 Nxb3 24.Rxf7 Nxa1 25.Rxb7 Nc2 26.Bxc6 Nd4 27.Bd5+ Kh8 28.e3 Nf5 29.g4 Nh4
30.b3  1-0

[Event "ch-Belgrade 2012"]
[Site "Belgrade SRB"]
[Date "2012.01.29"]
[Round "8.13"]
[White "Kostic,Mil"]
[Black "Sekularac,A"]
[Result "1/2-1/2"]
[WhiteElo "2287"]
[BlackElo "2085"]

1.d4 Nf6 2.Nf3 g6 3.c4 Bg7 4.g3 O-O 5.Bg2 d6 6.O-O c6 7.Nc3 Qa5 8.e4 Bg4
9.h3 Bxf3 10.Bxf3 e5 11.d5 cxd5 12.cxd5 Nbd7 13.a3 Rfc8 14.Be3 Qd8 15.Rc1 a6
16.b4 h6 17.Be2 Kh7 18.Bd3 Ng8 19.h4 h5 20.Rc2 Bh6 21.Qf3 Kg7 22.Rfc1 Bxe3
23.Qxe3 Ngf6 24.f3 a5 25.Nb5 Rxc2 26.Rxc2 Ne8 27.Kg2 axb4 28.axb4 Ra4 29.Qd2 Qb6
30.Ra2 Rxa2 31.Qxa2 Nc7 32.Qa7 Qxa7 33.Nxa7 Nb6 34.Nb5 Ne8 35.Nc3 Nc7 36.Nb5 Ne8
37.Kf2 f6 38.f4 Kf7 39.Ke3 Ke7 40.Be2 Ng7  1/2-1/2

[Event "ch-TUR 2012"]
[Site "Kemer TUR"]
[Date "2012.01.29"]
[Round "1"]
[White "Tulay,B"]
[Black "Kilic,Efe Mert"]
[Result "1-0"]
[WhiteElo "2128"]
[BlackElo "1616"]

1.d4 Nf6 2.Nf3 g6 3.c4 Bg7 4.g3 O-O 5.Bg2 d6 6.Nc3 Nbd7 7.O-O c6 8.e4 Qc7
9.h3 Ne8 10.Bg5 f6 11.Be3 e5 12.Qc2 f5 13.Ng5 Ndf6 14.dxe5 dxe5 15.Bc5 h6
16.Bxf8 Kxf8 17.Nf3 Be6 18.Rfe1 f4 19.gxf4 exf4 20.e5 Bf5 21.Qe2 Nd7 22.Rad1 Nc5
23.Nh4 Qf7 24.Nxf5 Qxf5 25.e6 Ke7 26.Rd7+ Kf8 27.Rf7+ Kg8 28.Rxf5 gxf5 29.Qh5 Nd6
30.e7 Re8 31.Qg6 Nf7 32.Bxc6 Ne5 33.Qxe8+ Kh7 34.Bd5 h5 35.Qxh5+ Bh6 36.Qxf5+  1-0

[Event "Moscow Open 2012 A"]
[Site "Moscow RUS"]
[Date "2012.01.29"]
[Round "2.63"]
[White "Makhmutov,R"]
[Black "Deviatkin,A"]
[Result "1/2-1/2"]
[WhiteElo "2315"]
[BlackElo "2574"]

1.d4 Nf6 2.c4 g6 3.Nf3 Bg7 4.g3 O-O 5.Bg2 d6 6.O-O c6 7.Nc3 Bf5 8.b3 Ne4
9.Bb2 Nxc3 10.Bxc3 Be4 11.Rc1 Nd7 12.Bh3 Bxf3 13.exf3 d5 14.Qe2 e6 15.Rfd1 a5
16.Bf1 Re8 17.Qc2 Qb6 18.Rb1 Qa7 19.Qb2 Reb8 20.a4 Nb6 21.Ra1 Nc8 22.Kg2 Ne7
23.Rd2 Nf5 24.Rad1 c5 25.dxc5 d4 26.Rxd4 Nxd4 27.Bxd4 Bxd4 28.Qxd4 Rf8 29.Qe5 Rac8
30.Rd7 Rxc5 31.Rxb7 Qxb7 32.Qxc5 Qxb3 33.Qxa5 Qb7 34.Bd3 Ra8 35.Qb5 Qc7 36.Be4 Ra5
37.Qe8+ Kg7 38.Bc6 Ra6 39.Bb5 Rd6 40.Qa8 Rd2 41.f4 Qc5 42.Qf3 Ra2 43.a5 Ra3
44.Qa8 h5 45.a6 h4 46.Qe4 Kh7 47.f5 h3+ 48.Kxh3 exf5 49.Qd5 Qxd5 50.cxd5 Kg7
51.d6 Kf8 52.f4 f6 53.Kh4 Ra5 54.d7 Ke7 55.Bc4 Ra4 56.a7 Rxa7 57.Bf7 g5+
58.fxg5 Rxd7 59.Bh5 Rd4+ 60.g4 f4 61.gxf6+ Kxf6 62.g5+ Kf5 63.Bg4+ Ke5 64.Bf3 Rd2
65.Kg4 Rd1 66.Bg2 Rg1 67.Kf3 Ra1 68.Kg4 Rg1 69.Kf3 Kf5  1/2-1/2

[Event "ch-TUR w 2012"]
[Site "Kemer TUR"]
[Date "2012.01.30"]
[Round "3"]
[White "Firat,Deniz"]
[Black "Yassibag,Ipek Asli"]
[Result "1-0"]
[WhiteElo "1632"]
[BlackElo "1430"]

1.d4 Nf6 2.c4 g6 3.Nf3 Bg7 4.g3 O-O 5.Bg2 d6 6.O-O Nbd7 7.Nc3 e5 8.e4 exd4
9.Nxd4 Re8 10.Re1 c6 11.h3 Qe7 12.Be3 Nc5 13.f4 Bd7 14.Bf2 Ne6 15.Nf3 Rad8
16.e5 dxe5 17.fxe5 Nh5 18.Ne4 b6 19.Nd6 Rf8 20.Qd2 Be8 21.Rad1 f6 22.b4 fxe5
23.c5 bxc5 24.bxc5 Kh8 25.Nxe5 Bxe5 26.Rxe5 Nhg7 27.Rde1 Bd7 28.Qc3 Kg8 29.Qc4 Kh8
30.R1e2 Qf6 31.Be1 Ng5 32.Bc3 Nf3+ 33.Bxf3 Qxf3 34.Kh2 Qf1 35.Rg2 Qxc4 36.Nxc4 Kg8
37.Re7 Rf7 38.Rge2 Rxe7 39.Rxe7 Nf5 40.Re2 Re8 41.Rd2 Be6 42.Ne5 Bd5 43.Bb2 Ne7
44.Nd7 Kf7 45.Nf6 Rc8 46.Nxh7 Bxa2 47.Ng5+ Ke8 48.Bf6 Bf7 49.Rb2 Rc7 50.Rb8+ Rc8
51.Rb7 Nd5 52.Nxf7 Rc7 53.Rxc7 Nxc7 54.Ne5 a6 55.Nxc6 Ne6 56.Bd4 Nxd4 57.Nxd4 Kd7
58.h4 a5 59.g4 a4 60.h5 gxh5 61.gxh5 a3 62.h6 a2 63.Nb3 a1=Q 64.Nxa1  1-0

[Event "Moscow Open Women 2012"]
[Site "Moscow RUS"]
[Date "2012.01.30"]
[Round "3"]
[White "Fominykh,M"]
[Black "Bodnaruk,A"]
[Result "1-0"]
[WhiteElo "2253"]
[BlackElo "2419"]

1.d4 Nf6 2.c4 g6 3.Nf3 Bg7 4.g3 O-O 5.Bg2 d6 6.O-O Nc6 7.Nc3 a6 8.h3 Rb8
9.e4 b5 10.d5 b4 11.Ne2 Na5 12.Nfd4 e5 13.Nb3 Nxc4 14.Qc2 Nb6 15.a3 bxa3
16.Rxa3 Bd7 17.Be3 Qc8 18.Na5 Ne8 19.Nc6 Bxc6 20.dxc6 f5 21.exf5 gxf5 22.Rd1 Kh8
23.Rb3 Rf7 24.Nc3 Nc4 25.Ba7 Ra8 26.Bd5 Rf8 27.Rb7 Rxa7 28.Rxa7 Nb6 29.Bg2 e4
30.Bf1 Qe6 31.Rxa6 Be5 32.Rxb6 cxb6 33.Nd5 f4 34.Qxe4 fxg3 35.fxg3 Nf6 36.Nxf6 Qxf6
37.Bd3 Qg7 38.g4 Bxb2 39.Rf1 Bf6 40.Kg2 d5 41.Qxd5 Rd8 42.Qe4 Bh4 43.Rf5 Qc7
44.Rf3 b5 45.Bxb5 Qg7 46.Be2 Qc7 47.Qc4 Be1 48.Qc1 Bd2 49.Qb2+ Qg7 50.c7  1-0

[Event "17th HIT Open A"]
[Site "Nova Gorica SLO"]
[Date "2012.01.30"]
[Round "6"]
[White "Tonon,A"]
[Black "Skoberne,J"]
[Result "0-1"]
[WhiteElo "2235"]
[BlackElo "2542"]

1.d4 Nf6 2.c4 g6 3.Nf3 Bg7 4.g3 O-O 5.Bg2 d6 6.Nc3 Nbd7 7.O-O e5 8.h3 c6
9.e4 Qa5 10.d5 cxd5 11.cxd5 b5 12.Nd2 b4 13.Nb3 Qc7 14.Ne2 Ba6 15.Bg5 Qc4
16.Re1 Nxe4 17.Rc1 Qd3 18.Qxd3 Bxd3 19.Bxe4 Bxe4 20.Be7 Rfe8 21.Bxd6 a5 22.Red1 Nf6
23.Rc5 a4 24.Nbc1 Rad8 25.Bc7 Rxd5 26.Rdxd5 Nxd5 27.Ba5 Bf8 28.Rc4 f5 29.b3 a3
30.Kf1 Ra8 31.Bc7 Nxc7 32.Rxc7 Rd8 33.Ke1 Bf3  0-1

[Event "Gibraltar Open"]
[Site "Caleta ENG"]
[Date "2012.01.31"]
[Round "8.98"]
[White "Boesch,Dirk"]
[Black "Fransson,A"]
[Result "0-1"]
[WhiteElo "2131"]
[BlackElo "1967"]

1.d4 Nf6 2.c4 g6 3.g3 Bg7 4.Bg2 O-O 5.Nf3 d6 6.Nc3 Nc6 7.O-O a6 8.Qd3 e5
9.dxe5 dxe5 10.Qxd8 Rxd8 11.Bg5 Re8 12.Rfd1 h6 13.Bxf6 Bxf6 14.Nd5 Bd8 15.Nd2 Nd4
16.Ne4 Kg7 17.e3 Ne6 18.Rac1 f5 19.Nd2 c6 20.Nb4 e4 21.Nc2 Nc5 22.Bf1 Na4
23.Nb3 Bf6 24.Ncd4 c5 25.Ne2 Nxb2 26.Nxc5 Nxd1 27.Rxd1 g5 28.Rb1 Re7 29.Nd4 f4
30.Na4 Bxd4 31.exd4 Bf5 32.Nb6 Rae8 33.Nd5 e3 34.Rb2 e2 35.Bxe2 Rxe2 36.Rxb7+ Kg6
37.Rb6+ R2e6 38.Rb3 Re1+ 39.Kg2 f3+ 40.Kxf3 Be4+ 41.Kg4 Bg2 42.Rb6+ R1e6
43.f4 h5+  0-1

[Event "Gibraltar Open"]
[Site "Caleta ENG"]
[Date "2012.01.31"]
[Round "8.53"]
[White "Houska,Jo"]
[Black "Lind,JO"]
[Result "1-0"]
[WhiteElo "2414"]
[BlackElo "2219"]

1.d4 d6 2.Nf3 Nf6 3.g3 g6 4.Bg2 Bg7 5.c4 O-O 6.O-O Nbd7 7.Nc3 a6 8.h3 c5
9.e4 cxd4 10.Nxd4 Qb6 11.Nde2 Nc5 12.Rb1 Be6 13.b3 Qc7 14.Be3 b5 15.cxb5 axb5
16.e5 dxe5 17.Nxb5 Qa5 18.Bxc5 Qxb5 19.Bxe7 Rfc8 20.Nc3 Qe8 21.Bxf6 Bxf6
22.Bxa8 Rxa8 23.Qf3 Bg7 24.Nd5 Qb8 25.Nc7 Qxc7 26.Qxa8+ Bf8 27.Rbc1 Qe7 28.Rfd1 Kg7
29.Rc8 Bxc8 30.Qxc8 Qa7 31.Qc3 Qxa2 32.Qxe5+ Kg8 33.Rd8 Qb1+ 34.Kg2 Qxb3
35.Qd6 Qb7+ 36.Kh2  1-0

[Event "Moscow Open Women 2012"]
[Site "Moscow RUS"]
[Date "2012.01.31"]
[Round "4.6"]
[White "Butuc,M"]
[Black "Huang Qian"]
[Result "0-1"]
[WhiteElo "2182"]
[BlackElo "2389"]

1.Nf3 d6 2.d4 Nf6 3.c4 g6 4.g3 Bg7 5.Bg2 O-O 6.O-O Nbd7 7.Nc3 e5 8.e4 a6
9.Qc2 c6 10.Rd1 Re8 11.b3 b5 12.cxb5 axb5 13.Bb2 Bb7 14.dxe5 dxe5 15.Ne1 Qb6
16.Qe2 Nc5 17.Nd3 Nfd7 18.Nxc5 Nxc5 19.Qe3 Qa7 20.Ne2 Ne6 21.Qxa7 Rxa7 22.b4 Raa8
23.f4 exf4 24.Bxg7 f3 25.Bxf3 Kxg7 26.Nc3 Ra3 27.Rac1 c5 28.Bg2 cxb4 29.Nxb5 Rxa2
30.Nd6 Re7 31.Rb1 Ra4 32.Rd2 Ba8 33.Rdb2 Rd7 34.Nc4 Rb7 35.e5 Rb5 36.Bxa8 Rxa8
37.Rxb4 Rc5 38.Rf1 Ra7 39.Re1 Nd4 40.Re4 Ra1+ 41.Kg2 Ra2+ 42.Kf1 Nf3 43.Rf4 Ng5
44.Rd4  0-1

[Event "Moscow Open F 2012"]
[Site "Moscow RUS"]
[Date "2012.01.31"]
[Round "4.3"]
[White "Pavlov,S2"]
[Black "Rjanova,V"]
[Result "1-0"]
[WhiteElo "2477"]
[BlackElo "2235"]

1.c4 g6 2.Nf3 Bg7 3.d4 Nf6 4.g3 O-O 5.Bg2 d6 6.Nc3 Nc6 7.O-O a6 8.Qd3 Bd7
9.Bf4 Rb8 10.d5 Nb4 11.Qd2 a5 12.e4 e5 13.dxe6 Bxe6 14.b3 Re8 15.Nd4 Bd7
16.Rad1 Qc8 17.Rfe1 Ng4 18.Nf3 Bc6 19.a3 Na6 20.Nd4 Ne5 21.Nd5 a4 22.Nb4 Bd7
23.Rc1 c5 24.Nb5 Bxb5 25.cxb5 Nxb4 26.Bxe5 Bxe5 27.bxa4 Na6 28.bxa6 bxa6
29.Bf1 Qc6 30.a5 Bb2 31.Rc4 Bxa3 32.Rd1 Red8 33.h4 Bb2 34.h5 Qe8 35.hxg6 hxg6
36.Qd5 Bd4 37.Rcxd4 cxd4 38.Bxa6 Qe5 39.Bc4 Qxd5 40.Bxd5 Rb4 41.a6 Ra4 42.Bb7 g5
43.Kf1 Kg7 44.Ke2 Kf6 45.Rb1 Ke5 46.Rb5+ d5 47.exd5 Rd7 48.Rc5 Rd6 49.Rb5 Rd7
50.Rb6 Rxd5 51.f4+ Ke4 52.Rb5 d3+ 53.Kd2 Ra2+ 54.Kc3 Ra3+ 55.Kb4 Rxa6 56.Rxd5 Ra7
57.Re5+ Kd4 58.Re4+  1-0

[Event "ch-TUR 2012"]
[Site "Kemer TUR"]
[Date "2012.02.01"]
[Round "6.3"]
[White "Esen,B"]
[Black "Erturan,Y"]
[Result "1/2-1/2"]
[WhiteElo "2534"]
[BlackElo "2372"]

1.d4 Nf6 2.c4 g6 3.Nf3 Bg7 4.g3 O-O 5.Bg2 d6 6.O-O Nc6 7.Nc3 Bf5 8.b3 Ne4
9.Bb2 Nxc3 10.Bxc3 Be4 11.e3 e5 12.Rc1 exd4 13.Nxd4 Bxg2 14.Kxg2 Nxd4 15.Bxd4 a5
16.Bxg7 Kxg7 17.Qd5 b6 18.Rfd1 Qe7 19.Rd4 Rae8 20.Rcd1 Qd8 21.Qf3 Re5 22.Rf4 Qe7
23.Rd5 Re8 24.Qd1 Re4 25.Rd4 Rxf4 26.Rxf4 Qe5 27.Qf3 Re7 28.Rd4 Qf6 29.Qc6 Qf5
30.Rd2 Qe4+ 31.Qxe4 Rxe4 32.Kf3 f5 33.h3 h5 34.h4 Kf6 35.Ke2 Ke6 36.Kd3  1/2-1/2

[Event "ch-TUR 2012"]
[Site "Kemer TUR"]
[Date "2012.02.02"]
[Round "7"]
[White "Severcan,Sedat Sabri"]
[Black "Tepe,Efe Can"]
[Result "1/2-1/2"]
[WhiteElo "1994"]
[BlackElo "1710"]

1.c4 Nf6 2.Nf3 g6 3.d4 Bg7 4.g3 O-O 5.Bg2 d6 6.O-O Nbd7 7.Nc3 c6 8.e4 e5
9.a3 Qb6 10.c5 dxc5 11.dxe5 Ng4 12.Na4 Qc7 13.e6 fxe6 14.Ng5 Ndf6 15.Nxc5 Qb6
16.Ncxe6 Bxe6 17.Nxe6 Nxe4 18.Qxg4 Nxf2 19.Qe2 Nh3+ 20.Kh1 Rxf1+ 21.Qxf1 Nf2+  1/2-1/2

[Event "Moscow Open Women 2012"]
[Site "Moscow RUS"]
[Date "2012.02.02"]
[Round "6.12"]
[White "Strutinskaya,G"]
[Black "Makarenko,A"]
[Result "0-1"]
[WhiteElo "2298"]
[BlackElo "2078"]

1.Nf3 Nf6 2.c4 g6 3.d4 Bg7 4.g3 O-O 5.Bg2 d6 6.O-O Nc6 7.d5 Na5 8.Qa4 c5
9.dxc6 Nxc6 10.Nc3 Bf5 11.Nh4 Bd7 12.Qc2 Rc8 13.b3 d5 14.cxd5 Nb4 15.Qd2 Rxc3
16.Qxc3 Nfxd5 17.Qc4 Bxa1 18.Bh6 Bg7 19.Bxg7 Kxg7 20.a3 Qb6 21.axb4 Nxb4
22.Nf3 Rc8 23.Qh4 f6 24.Qe4 Nc6 25.Rd1 Bf5 26.Qe3 Qxe3 27.fxe3 e5 28.Rd5 a6
29.Nd2 Rd8 30.Kf2 Be6 31.Rxd8 Nxd8 32.Be4 Kf7 33.Bc2 Ke7 34.h4 Bg8 35.Ke1 Nc6  0-1

[Event "TCh-ISR 2011-12"]
[Site "Israel ISR"]
[Date "2012.02.03"]
[Round "7.6"]
[White "Botvinnik,M ISR"]
[Black "Greenfeld,A"]
[Result "1/2-1/2"]
[WhiteElo "2307"]
[BlackElo "2558"]

1.d4 Nf6 2.c4 g6 3.Nf3 Bg7 4.g3 O-O 5.Bg2 d6 6.O-O Nc6 7.Nc3 Bf5 8.d5 Na5
9.Nd4 Bd7 10.Qd3 c5 11.dxc6 Nxc6 12.b3 Nxd4 13.Qxd4 Ne4 14.Qxe4 Bxc3 15.Bh6 Bxa1
16.Bxf8 Bf6 17.Bh6 Bc6 18.Qd3 a6 19.Bd2 Bxg2 20.Kxg2 b5 21.Rc1 Rb8  1/2-1/2

[Event "ch-TUR w 2012"]
[Site "Kemer TUR"]
[Date "2012.02.03"]
[Round "9"]
[White "Firat,Deniz"]
[Black "Durmaz,A"]
[Result "1-0"]
[WhiteElo "1632"]
[BlackElo "1823"]

1.d4 Nf6 2.c4 g6 3.Nf3 Bg7 4.g3 O-O 5.Bg2 d6 6.O-O Nbd7 7.Nc3 e5 8.e4 c6
9.h3 Re8 10.Be3 exd4 11.Nxd4 Nc5 12.Qc2 Qe7 13.Rfe1 Nfxe4 14.Nxe4 Nxe4 15.Bxe4 Qxe4
16.Bd2 Qxe1+ 17.Rxe1 Rxe1+ 18.Bxe1 Bxd4 19.Kh2 Bf5 20.Qe2 Bf6 21.Bb4 c5 22.Bd2 Bxb2
23.Qe7 Bd4 24.Be3 Bxe3 25.fxe3 Be6 26.Qxb7 Rc8 27.a4 a5 28.Kg2 Rd8 29.Qb5 Rc8
30.e4 Kg7 31.Kf3 Kf6 32.Qxa5 Bxc4 33.Qc3+ Ke7 34.Qxc4  1-0

[Event "Moscow Open Women 2012"]
[Site "Moscow RUS"]
[Date "2012.02.03"]
[Round "7.50"]
[White "Melnik,G"]
[Black "Mokshanova,Elizaveta"]
[Result "1-0"]
[WhiteElo "1983"]
[BlackElo "1788"]

1.d4 Nf6 2.Nf3 g6 3.c4 Bg7 4.g3 O-O 5.Bg2 d6 6.O-O Nc6 7.Nc3 e5 8.d5 Ne7
9.e4 Nd7 10.Be3 Nb6 11.Nd2 f5 12.f3 c6 13.b4 cxd5 14.cxd5 Bd7 15.Qb3 f4 16.Bf2 fxg3
17.hxg3 Rc8 18.Be3 Kh8 19.a4 Ng8 20.Nb5 Bxb5 21.axb5 Ra8 22.Rfc1 Qd7 23.Qd3 Nf6
24.Kh2 Rfd8 25.Bh3 Qe7 26.Ra2 Ne8 27.Rca1 Nc8 28.b6 a6 29.b5 a5 30.Qc3 Bf6
31.Rxa5 Rxa5 32.Rxa5 Bg5 33.Ra8 Nxb6 34.Rxd8 Qxd8 35.f4 Bf6 36.fxe5 Bxe5
37.Qa5 Qh4 38.Bf2 Nd7 39.Qa8 Qe7 40.Qxb7 Qf6 41.Kg2 Nf8 42.Nf3 Bc3 43.Qb8 Ng7
44.b6 Nh5 45.b7  1-0

[Event "Moscow Open Women 2012"]
[Site "Moscow RUS"]
[Date "2012.02.04"]
[Round "8"]
[White "Romanko,M"]
[Black "Huang Qian"]
[Result "1/2-1/2"]
[WhiteElo "2389"]
[BlackElo "2389"]

1.d4 Nf6 2.c4 g6 3.Nf3 Bg7 4.g3 O-O 5.Bg2 d6 6.O-O Nbd7 7.Nc3 e5 8.e4 a6
9.h3 b5 10.dxe5 dxe5 11.Be3 Bb7 12.Nd2 c6 13.a3 Qe7 14.Qe2 Rfd8 15.b4 a5
16.c5 a4 17.Rac1 Nf8 18.Nf3 Ne8 19.Bg5 Nf6 20.Rfd1 Ne6 21.Be3 Ne8 22.Nb1 Rxd1+
23.Rxd1 Rd8 24.Rxd8 Qxd8 25.Nc3 Bc8 26.Bf1 N8c7 27.Bc1 Nf8 28.Bb2 Be6 29.Qe3 f6
30.Kh2 Bf7 31.Qd3 Qxd3 32.Bxd3 Nd7 33.Kg2 Kf8 34.Bc2 Ke7 35.Ne1 Bh6 36.Nd3 Bc4
37.Ne2 Ne6 38.Bc1 Bxc1 39.Ndxc1 Ng7 40.Kf3 Be6 41.h4 Ne8 42.Bd3 Nc7 43.Nc3  1/2-1/2

[Event "Moscow Open 2012 A"]
[Site "Moscow RUS"]
[Date "2012.02.04"]
[Round "8.39"]
[White "Mozharov,M"]
[Black "Aitbayev,A"]
[Result "1-0"]
[WhiteElo "2478"]
[BlackElo "2386"]

1.d4 Nf6 2.c4 g6 3.Nf3 Bg7 4.g3 O-O 5.Bg2 d6 6.O-O c5 7.Nc3 Nc6 8.d5 Na5
9.Nd2 a6 10.Qc2 Rb8 11.b3 b5 12.Rb1 bxc4 13.bxc4 Rxb1 14.Ncxb1 Bd7 15.Bb2 Qc7
16.Bc3 Rb8 17.e4 e5 18.Qc1 Nb7 19.Qa3 a5 20.Qc1 Bh6 21.Qc2 Nh5 22.Na3 f5
23.Rb1 Nf6 24.Nb5 Qd8 25.Na7 Qc7 26.Qb2 Ra8 27.Nc6 Bxc6 28.dxc6 Nd8 29.exf5 gxf5
30.f4 Nxc6 31.Qc2 Qd7 32.Rb6 Rc8 33.Rxc6 Rxc6 34.Bxc6 Qxc6 35.Qxf5 Kg7 36.h4 Qd7
37.Qxd7+ Nxd7 38.Ne4 Kg6 39.fxe5 dxe5 40.Kg2 Kf5 41.Kf3 a4 42.Ba5 Bc1 43.g4+ Ke6
44.h5 h6 45.Ke2 Bf4 46.Bc7 Bc1 47.Bd8 Bb2 48.Ba5 Bc1 49.Be1 Bg5 50.Bf2 Be7
51.Be3 Bf8 52.Kd3 Kf7 53.Bd2 Ke6 54.Be3 Kf7 55.g5 hxg5 56.Nxg5+ Ke7 57.Nh7 Bg7
58.h6 Bh8 59.Ke4 Ke6 60.Ng5+ Kf6 61.Kd5 Kf5 62.Nf7 Bf6 63.Nd6+ Kg6 64.Ne4 Bh8
65.Kc6 Kf5 66.Ng5 Nf8 67.Bxc5 Ng6 68.Nf7 Bf6 69.Nd6+ Kf4 70.Kd5 Kf3 71.Ke6 Bh8
72.Nf7 Ke4 73.Nxh8 Nxh8 74.Kf6  1-0

[Event "Moscow Open 2012 A"]
[Site "Moscow RUS"]
[Date "2012.02.05"]
[Round "9.37"]
[White "Gunina,V"]
[Black "Nozdrachev,L"]
[Result "1-0"]
[WhiteElo "2510"]
[BlackElo "2335"]

1.d4 Nf6 2.Nf3 g6 3.c4 Bg7 4.g3 O-O 5.Bg2 d6 6.O-O Nc6 7.Nc3 Bf5 8.Ne1 Qd7
9.e4 Bh3 10.d5 Na5 11.Qe2 c5 12.Bd2 Bxg2 13.Kxg2 a6 14.Nd1 Qc7 15.f4 b5 16.e5 Ne8
17.b3 bxc4 18.bxc4 dxe5 19.Bxa5 Qxa5 20.fxe5 Rb8 21.Nd3 Nc7 22.N1f2 Na8 23.h4 Nb6
24.Rac1 e6 25.dxe6 fxe6 26.h5 gxh5 27.Nf4 Qa4 28.Nxh5 Rf5 29.Qg4 Rb7 30.Rcd1 Qc6+
31.Kh2 Rf8 32.Ne4 Qc7 33.Nxg7 Qxg7 34.Rxf8+ Kxf8 35.Rd8+  1-0

[Event "Frauenbundesliga 2011-12"]
[Site "Germany GER"]
[Date "2012.02.11"]
[Round "8.1"]
[White "Cmilyte,V"]
[Black "Socko,M"]
[Result "1-0"]
[WhiteElo "2525"]
[BlackElo "2490"]

1.d4 Nf6 2.c4 g6 3.g3 Bg7 4.Bg2 d6 5.Nf3 O-O 6.O-O c6 7.Nc3 a6 8.e4 b5 9.e5 Ne8
10.Qe2 Bg4 11.Bf4 Nc7 12.h3 Bxf3 13.Bxf3 Ne6 14.Rad1 b4 15.Na4 Nxf4 16.gxf4 d5
17.cxd5 cxd5 18.Qd2 a5 19.f5 gxf5 20.Kh2 Ra6 21.Qf4 Rg6 22.Bh5 Bh6 23.Qxf5 e6
24.Qf3 Qh4 25.Kh1 Rg7 26.Nc5 Qf4 27.Qxf4 Bxf4 28.Be2 Rc8 29.Bb5 Kh8 30.Rfe1 Nc6
31.Nd7 Ne7 32.Nf6 Bg5 33.Ne8 Rg6 34.Nd6 Rf8 35.f4 Bh4 36.Rg1 Nf5 37.Nxf5 exf5
38.Rxg6 hxg6 39.Bc6 Rd8 40.Kg2 Kg7 41.Ba4 g5 42.Kf3 Rh8 43.Rg1 Kg6 44.Bb3 Ra8
45.Rc1 gxf4 46.Rc6+ Kg7 47.Rc7 Rd8 48.Kxf4 Bf2 49.Kxf5 Kg8 50.Bd1 Bxd4 51.Bh5 Rf8
52.Kf6 Bxb2 53.Bxf7+ Kh8 54.Rd7 a4 55.Kg6 b3 56.Bxd5  1-0

[Event "TCh-CZE Liga1 Vychod"]
[Site "Czech Rep CZE"]
[Date "2012.02.12"]
[Round "8"]
[White "Karasek,L"]
[Black "Zimniok,L"]
[Result "1-0"]
[WhiteElo "2174"]
[BlackElo "2125"]

1.c4 Nf6 2.Nf3 d6 3.d4 g6 4.g3 Bg7 5.Bg2 O-O 6.O-O c6 7.Nc3 a5 8.e4 Qc7 9.h3 e5
10.Be3 Na6 11.Re1 Bd7 12.Rc1 Rfd8 13.Qb3 exd4 14.Nxd4 Nc5 15.Qc2 Qc8 16.Kh2 Be6
17.b3 Nfd7 18.Rcd1 Nf8 19.Rd2 Qc7 20.Red1 f6 21.Bf4 Bf7 22.Nde2 Nfe6 23.Bxd6 Rxd6
24.Rxd6 Re8 25.f4 Bf8 26.R6d2 Ng7 27.Nd4 g5 28.fxg5 fxg5 29.Nf5 Nxf5 30.exf5 Re3
31.Ne2 Bh5 32.Kh1 Nd3 33.Rxd3 Rxe2 34.Qc1 h6 35.Qc3 Be8 36.Re3 Rxe3 37.Qxe3 Bf7
38.Rd3 a4 39.Be4 Qe5 40.Qd4 Qa5 41.Qc3 Bb4 42.Qf6 Bf8 43.Qc3 Bb4 44.Qd4 Bf8
45.Kh2 a3 46.Qf6 Qc5 47.Rd7 Bh5 48.Qd4 Qxd4 49.Rxd4 Be8 50.Rd8 Kf7 51.Rb8 Bc5
52.Rxb7+ Kf6 53.Bxc6 Bxc6 54.Rc7 Ke5 55.Rxc6 Bb4 56.f6 Kd4 57.f7 Kc3 58.c5  1-0

[Event "ch-Central Serbia 2012"]
[Site "Pozarevac SRB"]
[Date "2012.02.13"]
[Round "1.5"]
[White "Antic,Dr"]
[Black "Markovic,Miros1"]
[Result "0-1"]
[WhiteElo "2142"]
[BlackElo "2460"]

1.d4 Nf6 2.c4 g6 3.Nf3 Bg7 4.g3 O-O 5.Bg2 d6 6.O-O Nc6 7.Nc3 Bg4 8.h3 Bxf3
9.Bxf3 Nd7 10.e3 e5 11.d5 Ne7 12.e4 f5 13.Re1 Kh8 14.b3 Ng8 15.Bg2 f4 16.g4 Bf6
17.Ba3 Bh4 18.Rf1 b6 19.Nb1 h5 20.Nd2 hxg4 21.Qxg4 Kg7 22.Nf3 Be7 23.h4 Nh6
24.Qh3 Rh8 25.Rfe1 Nf7 26.Qg4 Bxh4 27.Bb2 Bf6 28.b4 a5 29.a3 Nh6 30.Qe6 Nf8
31.Qh3 g5 32.Nh2 Ng6 33.c5 Nf7 34.Qe6 f3 35.Bxf3 Nf4 36.Qg4 Rh4 37.Qg3 Rh3
38.Red1 bxc5 39.Bg4 Rxg3+ 40.fxg3 axb4 41.axb4 Rxa1 42.Bxa1 cxb4 43.gxf4 exf4
44.Nf3 b3 45.Nd4 Bxd4+ 46.Bxd4+ Ne5 47.Rc1 Qb8 48.Bb2 Qa7+ 49.Kh1 Kf8 50.Be6 Qf2
51.Bxe5 Qf3+ 52.Kh2 Qe2+ 53.Kh1 Qxe4+ 54.Kh2 dxe5 55.Rxc7 Qc2+ 56.Rxc2 bxc2  0-1

[Event "ch-Central Serbia 2012"]
[Site "Pozarevac SRB"]
[Date "2012.02.13"]
[Round "1.17"]
[White "Jenic,Aleksandar"]
[Black "Todorovic,Boj"]
[Result "0-1"]
[WhiteElo "1893"]
[BlackElo "2289"]

1.Nf3 Nf6 2.g3 g6 3.Bg2 Bg7 4.d4 O-O 5.c4 d6 6.Nc3 c6 7.O-O Bf5 8.Qb3 Qc7
9.Nh4 Bc8 10.e4 e5 11.d5 Nbd7 12.Bd2 Nc5 13.Qc2 a5 14.Na4 Nxa4 15.Qxa4 Bd7
16.Qc2 cxd5 17.exd5 Rac8 18.Rac1 b5 19.b3 bxc4 20.bxc4 Bb5 21.Bh3 Bd7 22.Bxd7 Nxd7
23.Qa4 Nc5 24.Qxa5 Qd7 25.Be3 f5 26.Qb5 Qa7 27.Nf3 f4 28.gxf4 exf4 29.Bd4 Bxd4
30.Nxd4 Rb8 31.Nc6 Qd7 32.Nxb8 Qg4+ 33.Kh1 Qf3+ 34.Kg1 Ne4 35.Qb3 Qg4+  0-1

[Event "3rd Novy Bor Open"]
[Site "Novy Bor CZE"]
[Date "2012.02.15"]
[Round "5"]
[White "Kozak,Mi"]
[Black "Bradac,Daniel"]
[Result "1-0"]
[WhiteElo "2192"]
[BlackElo "1894"]

1.d4 Nf6 2.c4 g6 3.Nf3 Bg7 4.g3 O-O 5.Bg2 d6 6.Nc3 Nbd7 7.O-O c5 8.d5 a6
9.a4 Nb6 10.Nd2 Qc7 11.Qc2 e5 12.dxe6 Bxe6 13.b3 d5 14.a5 Nbd7 15.cxd5 Nxd5
16.Bxd5 Bxc3 17.Qxc3 Bxd5 18.Bb2 f6 19.e4 Bc6 20.f4 b5 21.axb6 Qxb6 22.Nc4 Qb4
23.Qxb4 cxb4 24.Nd6 a5 25.Rac1 Ra6 26.Rfd1 a4 27.bxa4 Bxa4 28.Rd4 b3 29.Rc7 Bc6
30.Nc8 Ra2 31.Ne7+ Kh8 32.Nxc6 Rxb2 33.Rdxd7 Ra8 34.Rxh7+ Kg8 35.Rcg7+ Kf8
36.Rf7+  1-0

[Event "72nd Noteboomturnier Open A"]
[Site "Leiden NED"]
[Date "2012.02.18"]
[Round "2.1"]
[White "Smeets,J"]
[Black "Groot,S"]
[Result "1-0"]
[WhiteElo "2607"]
[BlackElo "2013"]

1.d4 Nf6 2.c4 g6 3.g3 Bg7 4.Bg2 O-O 5.Nf3 d6 6.O-O Nbd7 7.b3 c5 8.Nc3 cxd4
9.Nxd4 a5 10.h3 Nc5 11.Bb2 Bd7 12.Rb1 Qc8 13.Kh2 Bc6 14.f3 Rd8 15.e4 Ra6
16.Qd2 e6 17.Rbc1 Be8 18.Rfd1 h5 19.h4 Kh7 20.Rc2 Nfd7 21.Qe2 Ne5 22.Ndb5 f5
23.Rcd2 Nf7 24.exf5 gxf5 25.f4 Bf8 26.Bf3 e5 27.Bxh5 Bg7 28.Bxf7  1-0

[Event "ch-POL 2012"]
[Site "Warsaw POL"]
[Date "2012.02.22"]
[Round "5"]
[White "Gajewski,G"]
[Black "Socko,B"]
[Result "0-1"]
[WhiteElo "2616"]
[BlackElo "2636"]

1.d4 Nf6 2.c4 g6 3.g3 Bg7 4.Bg2 O-O 5.Nf3 d6 6.O-O Nc6 7.Nc3 Bf5 8.d5 Na5
9.Nd2 c5 10.e4 Bd7 11.Qc2 a6 12.a4 Ne8 13.Rb1 Nc7 14.b4 cxb4 15.Rxb4 Rc8
16.Bb2 Bd4 17.Ba1 e5 18.dxe6 fxe6 19.Nf3 Bc5 20.Rbb1 e5 21.Qd3 Qf6 22.Nxe5 dxe5
23.Qxd7 Nxc4 24.Rxb7 Nb6 25.Qd1 Qc6 26.Qb3+ Rf7 27.Ra7 Nc4 28.Qb7 Qe6 29.Nd5 Bxa7
30.Qxa7 Nxd5 31.exd5 Qd6  0-1

[Event "16th Metropolitan IM"]
[Site "Los Angeles USA"]
[Date "2012.02.23"]
[Round "2"]
[White "Wang,Ph"]
[Black "Matikozian,A"]
[Result "1-0"]
[WhiteElo "2372"]
[BlackElo "2414"]

1.d4 Nf6 2.c4 g6 3.Nf3 Bg7 4.g3 O-O 5.Bg2 d6 6.O-O Nbd7 7.Nc3 e5 8.e4 exd4
9.Nxd4 Re8 10.h3 a6 11.Re1 Rb8 12.Rb1 Ne5 13.b3 c5 14.Nc2 Nc6 15.f4 Nh5 16.Qd3 f5
17.Kh2 Nf6 18.Bb2 Nd4 19.e5 dxe5 20.fxe5 Nh5 21.Nd5 f4 22.g4 Bxg4 23.Nxd4 Qh4
24.Kg1 Rxe5 25.Rxe5 Bxe5 26.hxg4 cxd4 27.Bxd4 Bxd4+ 28.Qxd4 Re8 29.Nxf4 Re1+
30.Rxe1 Qxe1+ 31.Bf1  1-0

[Event "TCh-ISR 2011-12"]
[Site "Israel ISR"]
[Date "2012.02.24"]
[Round "9.2"]
[White "Porat,S"]
[Black "Baron,Ta"]
[Result "1-0"]
[WhiteElo "2490"]
[BlackElo "2504"]

1.d4 Nf6 2.Nf3 g6 3.c4 Bg7 4.g3 O-O 5.Bg2 d6 6.O-O Nc6 7.Nc3 Bf5 8.d5 Na5
9.Nd4 Bd7 10.b3 c5 11.Nc2 a6 12.Qd3 Rb8 13.Bd2 b5 14.Rab1 e5 15.dxe6 Bxe6
16.Nd5 Re8 17.Nce3 Nd7 18.Nf4 Bd4 19.Nxe6 fxe6 20.Qc2 b4 21.Ng4 Qc7 22.Nh6+ Kg7
23.e3 Bf6 24.Ng4 Be7 25.f4 Nf6 26.Nf2 Kg8 27.Rbd1 Bf8 28.Bc1 Bg7 29.g4 Rbd8
30.g5 Nh5 31.Bf3 Qf7 32.Bb2 Re7 33.Ne4 Qf5 34.Bxg7 Nxg7 35.Nf6+ Kf7 36.Be4 Qh3
37.Rf3 Qh4 38.Kg2  1-0